Normal view
MARC view
- Programming languages (Electronic computers)
Entry Topical Term
001 - CONTROL NUMBER
- control field: 97207
003 - CONTROL NUMBER IDENTIFIER
- control field: NUST
005 - DATE AND TIME OF LATEST TRANSACTION
- control field: 20220815144641.0
008 - FIXED-LENGTH DATA ELEMENTS
- fixed length control field: 220815|| aca||aabn | a|a d
040 ## - CATALOGING SOURCE
- Original cataloging agency: NUST
- Transcribing agency: NUST
150 ## - HEADING--TOPICAL TERM
- Topical term or geographic name entry element: Programming languages (Electronic computers)
- General subdivision: Examinations
670 ## - SOURCE DATA FOUND
- Source citation: Work cat.: (NUST)179321: Jaworski, Jamie. 97206, Java 2 certification training guide (Include CD) /, 1999.
